书目信息 |
| 题名: |
大学实用写作
|
|
| 作者: | 欧阳周 主编 | |
| 分册: | ||
| 出版信息: | 北京 高等教育出版社 1993.4 |
|
| 页数: | 315页 | |
| 开本: | 20cm | |
| 丛书名: | ||
| 单 册: | ||
| 中图分类: | H15 | |
| 科图分类: | ||
| 主题词: | 汉语--写作 , 汉语--修辞 | |
| 电子资源: | ||
| ISBN: | 7-04-004212-6 | |
| 000 | 00568nam0 2200205 45 | |
| 001 | 0235992304 | |
| 005 | 2002061009595230 | |
| 010 | @a7-04-004212-6@dRMB 10.20 | |
| 100 | @a20020610d1993 km y0chiy0120 ea | |
| 101 | 0 | @achi |
| 102 | @aCN@b110000 | |
| 200 | 1 | @a大学实用写作@Ada xue shi yong xie zuo@f欧阳周主编@Fou yang zhou zhu bian |
| 210 | @a北京@c高等教育出版社@d1993.4 | |
| 215 | @a315页@d20cm | |
| 606 | 0 | @a汉语@x写作 |
| 606 | 0 | @a汉语@x修辞 |
| 690 | @aH15@v3 | |
| 701 | 0 | @a欧阳周@Aou yang zhou@4主编 |
| 801 | 0 | @aCN@bPFT@c20020610 |
| 905 | @a10447@dH15@eO608 | |
| 大学实用写作/欧阳周主编.-北京:高等教育出版社,1993.4 |
| 315页;20cm |
| ISBN 7-04-004212-6:RMB 10.20 |
| ● |
| 相关链接 |
|
|
|
正题名:大学实用写作
索取号:H15/O608
 
预约/预借
| 序号 | 登录号 | 条形码 | 馆藏地/架位号 | 状态 | 备注 |
| 1 | 361957 | 203619575 | 语言库209/209语言库 74排1列1层/ [索取号:H15/O608] | 在馆 | |
| 2 | 361958 | 203619584 | 语言库209/209语言库 74排1列1层/ [索取号:H15/O608] | 在馆 | |
| 3 | 361959 | 203619593 | 语言库209/209语言库 74排1列1层/ [索取号:H15/O608] | 在馆 |